000 00846nam a2200265Ia 4500
003 OSt
005 20220918170722.0
006 a|||||r|||| 00| 0
007 ta
008 220917b |||||||| |||| 00| 0 eng d
020 _a9780415725606 (pbk)
_c3422.36
024 _a289,161
037 _b283, 23/02/2016, Classic Book Service
_cTextual
040 _aARTS
_cARTS
_beng
041 _2eng
_aeng
082 _aP:(Y), Q5
100 _aSmakman Dick Ed.
_930644
245 0 _aGlobalising sociolinguistics
_b Challenging and expanding theory
260 _aLondon
_bRoutledge UK
_c2015
300 _axx, 275p.
_ccm.
650 _aLINGUISTICS
700 _a Heinrich Patrick Ed.
_930645
942 _hP:(Y), Q5
_cTEXL
_2CC
999 _c135350
_d135350